| 000 | 00843cam a2200205 4500 | ||
|---|---|---|---|
| 001 | ABS60840 | ||
| 008 | 000000n1999 000 0 eng u | ||
| 035 | _a(Sirsi) u101347 | ||
| 100 | _aHirst, C. | ||
| 245 | _aHelping your team to reach its peak. | ||
| 260 | _c1999 | ||
| 490 |
_aPlanning (for the Natural and Built Environment) _v(1323) 18 June 1999, 19-21(2) |
||
| 520 | _aEmphasises the benefits for organisations of having a structured CPD strategy, and sets out the main elements of such a focused approach. Also lists the CPD requirements of various professional bodies such as the RTPI, RICS, RIBA and CIOB. | ||
| 650 | _aCONTINUING PROFESSIONAL DEVELOPMENT | ||
| 650 | _aCPD | ||
| 650 | _aPROFESSIONAL SKILLS | ||
| 650 | _aCAREER DEVELOPMENT | ||
| 690 | _aMANAGEMENT-BUSINESS MANAGEMENT-PROFESSIONAL PRACTICE | ||
| 942 | _n0 | ||
| 999 |
_c60494 _d60494 |
||